| 000 | 00705nam a2200133Ia 4500 | ||
|---|---|---|---|
| 008 | 171212s9999 xx 000 0 und d | ||
| 020 | _a9780874217094 | ||
| 100 | _aMeyer, Susan E.;Kjelgren, Roger K.;Morrison, Darrel G.;Varga, William A.;Schultz, Bettina | ||
| 245 |
_cMeyer, Susan E.;Kjelgren, Roger K.;Morrison, Darrel G.;Varga, William A.;Schultz, Bettina _aLandscaping on the New Frontier _bWaterwise Design for the Intermountain West |
||
| 260 |
_bUniversity Press of Colorado _c2009 |
||
| 650 | _aBotany & Plant Sciences | ||
| 650 | _aNative plant gardening -- Great Basin; Natural landscaping -- Great Basin; Landscape irrigation -- Great Basin | ||
| 856 | _uwww.jstor.org/stable/10.2307/j.ctt4cgn94 | ||
| 999 |
_c353100 _d353100 |
||